ARRUPE JESUIT UNIVERSITY

CORONAVIRUS -STOP THE SPREAD - CLEAN,DISINFECT,COVER

The great short stories of Joseph Conrad. (Record no. 131646)

MARC details
000 -LEADER
fixed length control field 00382nam a22001337a 4500
008 - FIXED-LENGTH DATA ELEMENTS--GENERAL INFORMATION
fixed length control field 230301b |||||||| |||| 00| 0 eng d
020 ## - INTERNATIONAL STANDARD BOOK NUMBER
International Standard Book Number 0060830395.
050 ## - LIBRARY OF CONGRESS CALL NUMBER
Classification number PZ3 .C764 G2.
100 ## - MAIN ENTRY--PERSONAL NAME
Personal name Conrad, Joseph
9 (RLIN) 4589
245 ## - TITLE STATEMENT
Title The great short stories of Joseph Conrad.
Statement of responsibility, etc Joseph Conrad
260 ## - PUBLICATION, DISTRIBUTION, ETC. (IMPRINT)
Place of publication, distribution, etc New York:
Name of publisher, distributor, etc Harper and Row ,
300 ## - PHYSICAL DESCRIPTION
Extent 407p;
Dimensions 18cm.
942 ## - ADDED ENTRY ELEMENTS (KOHA)
Source of classification or shelving scheme Library of Congress Classification
Item type Monograph ( Printed materials)
Holdings
Withdrawn status Lost status Source of classification or shelving scheme Damaged status Not for loan Home library Current library Shelving location Date acquired Total Checkouts Full call number Barcode Date last seen Price effective from Koha item type
    Library of Congress Classification     ARRUPE LIBRARY ARRUPE LIBRARY Main Collection 01/03/2023   PZ3 .C764 G2. 46700000219 01/03/2023 01/03/2023 Monograph ( Printed materials)

 

Arrupe Library. PO Box MP320 Mt Pleasant, Harare, Zimbabwe
263 242 745411|librarian@aju.ac.zw